The power of your subconscious mind (Record no. 12609)

000 -LEADER
fixed length control field 00359nam a22001337a 4500
008 - FIXED-LENGTH DATA ELEMENTS--GENERAL INFORMATION
fixed length control field 241220b 2024 ||||| |||| 00| 0 eng d
020 ## - INTERNATIONAL STANDARD BOOK NUMBER
International Standard Book Number 9788172345662
082 ## - DEWEY DECIMAL CLASSIFICATION NUMBER
Classification number 154.2
Item number MUR
100 ## - MAIN ENTRY--PERSONAL NAME
Personal name Murphy, Joseph
245 ## - TITLE STATEMENT
Title The power of your subconscious mind
260 ## - PUBLICATION, DISTRIBUTION, ETC. (IMPRINT)
Place of publication, distribution, etc New Delhi
Name of publisher, distributor, etc Fingerprint Classics Publication
Date of publication, distribution, etc 2024
300 ## - PHYSICAL DESCRIPTION
Extent 256p.
942 ## - ADDED ENTRY ELEMENTS (KOHA)
Item type Books
Holdings
Withdrawn status Lost status Source of classification or shelving scheme Damaged status Not for loan Collection code Permanent location Current location Shelving location Date acquired Total Checkouts Total Renewals Full call number Barcode Date last seen Date last borrowed Koha item type Public note Checked out
          Non-fiction IMU-MPC Library IMU-MPC Library General Stacks 2024-12-20 3 3 154.2 MUR MPC6916 2026-02-04 2025-04-09 Books column - 24  
          Non-fiction IMU-MPC Library IMU-MPC Library General Stacks 2024-12-20     154.2 MUR MPC6917 2024-12-20   Books column - 24  
          Non-fiction IMU-MPC Library IMU-MPC Library General Stacks 2024-12-20 1   154.2 MUR MPC6918 2025-06-26 2025-01-01 Books column - 24  
          Non-fiction IMU-MPC Library IMU-MPC Library General Stacks 2024-12-20 1 2 154.2 MUR MPC6919 2024-12-23 2024-12-23 Books column - 24 2027-01-28
          Non-fiction IMU-MPC Library IMU-MPC Library General Stacks 2024-12-20 2 2 154.2 MUR MPC6920 2025-04-22 2025-02-19 Books column - 24  
Copyright © 2021 Indian Maritime University, Mumbai Port Campus. All Rights Reserved. Managed & Maintained by Central Library, IMU-Mumbai

webs counters

Powered by Koha